| 000 | 00964cam a2200277 i 4500 | ||
|---|---|---|---|
| 020 | _a9789291150908 (printed) (v. 1) | ||
| 020 | _a9789291150915 (electronic) (v. 1) | ||
| 020 | _a9789291150953 (printed) (v. 2) | ||
| 020 | _a9789291150960 (electronic) (v. 2) | ||
| 020 | _a9789291152650 (printed) (v. 3) | ||
| 020 | _a9789291152667 (electronic) (v. 3) | ||
| 020 | _a9291150908 (pbk.) (v. 1) | ||
| 020 | _a9291150959 (pbk.) (v. 2) | ||
| 040 | _cDKAGE | ||
| 082 | 0 | 4 | _a363 IMK 2011 C151 Or. |
| 100 | 1 | _aShrestha, Arun Bhakta., | |
| 245 | 1 | 0 | _aResource manual on flash flood risk management / |
| 300 |
_a3 volumes : _billustrations (chiefly color), maps (chiefly color) ; _c30 cm + _e2 CD-ROMs. |
||
| 650 | 0 | _aFlood control | |
| 650 | 0 | _aFloodplain management | |
| 650 | 0 | _aFlood damage prevention | |
| 700 | 1 | _aShah, Syed Harir | |
| 700 | 1 | _aKarim, Rezaul | |
| 710 | 2 | _aInternational Centre for Integrated Mountain Development. | |
| 942 | _cAEDBB | ||
| 999 |
_c18688 _d18688 |
||